History teaching as a common european challenge : the southeast european response through the joint history project (1999-2019)

Αποθηκεύτηκε σε:
Λεπτομέρειες βιβλιογραφικής εγγραφής
Άλλοι συγγραφείς: Carras, Iannis (Επιμελητής έκδοσης)
Μορφή: Βιβλίο
Γλώσσα:English
Δημοσίευση: Αθήνα : Σαΐτης, 2021.
Θέματα:
Ετικέτες: Προσθήκη ετικέτας
Δεν υπάρχουν, Καταχωρήστε ετικέτα πρώτοι!

MARC

LEADER 00000cam a2200000 a 4500
001 1/123824
008 211101s2021####gr a ||| |||| ||eng||
020 |a 9786180030594 
040 |a GR-MyUa  |b gre  |c GR-MyUa  |e AACR2 
041 0 |a eng 
082 7 |a 907.09496  |2 (23) 
245 0 0 |a History teaching as a common european challenge :   |b the southeast european response through the joint history project (1999-2019) /   |c edited by Iannis Carras.  
260 |a Αθήνα :   |b Σαΐτης,   |c 2021.  
300 |a 142 σ. :   |b εικ. ,   |c 21 εκ.  
500 |a Πάνω από τον τίτλο: Association for Democracy in the Balkans.  
504 |a Περιλαμβάνει βιβλιογραφικές παραπομπές.  
650 0 |a History  |x Study and teaching. 
651 0 |a Balkan Peninsula  |x History  |x Study and teaching. 
651 0 |a Collective memory. 
700 1 |a Carras, Iannis,  |e edt 
852 |a INST  |b LESVOS  |e 20211101  |h 907.09496 HIS  |p 005100063846  |q 005100063846  |t BK  |y 0 
970 |a Καμάτσου  |b Δέσποινα  |z 01-11-2021